Official Languages of South Africa - Statistics

General Stats
  • This quiz has been taken 22 times
  • The average score is 8 of 11
Answer Stats
Answer % Correct
Afrikaans
100%
English
94%
Xhosa
94%
Zulu
94%
Sesotho
88%
Swazi
75%
Tswana
75%
Ndebele
63%
Venda
56%
Northern Sotho
50%
Tsonga
44%
No matching quizzes found
Score Distribution
Percent of People with Each Score
Percentile by Number Answered
Your Score History
You have not taken this quiz